<?xml version="1.0" encoding="UTF-8"?>
<record
    xmlns:xsi="http://www.w3.org/2001/XMLSchema-instance"
    xsi:schemaLocation="http://www.loc.gov/MARC21/slim http://www.loc.gov/standards/marcxml/schema/MARC21slim.xsd"
    xmlns="http://www.loc.gov/MARC21/slim">

  <leader>02024nam0a2200397   4500</leader>
  <controlfield tag="001">RU\NLR\bibl\1708915</controlfield>
  <controlfield tag="005">20260409065416.0</controlfield>
  <datafield tag="010" ind1=" " ind2=" ">
    <subfield code="a">978-5-02-036926-9</subfield>
  </datafield>
  <datafield tag="021" ind1=" " ind2=" ">
    <subfield code="a">RU</subfield>
    <subfield code="b">2010-87888</subfield>
    <subfield code="9">5896</subfield>
  </datafield>
  <datafield tag="035" ind1=" " ind2=" ">
    <subfield code="a">(NLR Aleph) 001699955</subfield>
  </datafield>
  <datafield tag="090" ind1=" " ind2=" ">
    <subfield code="a">1214045</subfield>
    <subfield code="c">1214045</subfield>
  </datafield>
  <datafield tag="100" ind1=" " ind2=" ">
    <subfield code="a">20101203d2010    k  y0rusy50      ca</subfield>
  </datafield>
  <datafield tag="101" ind1="0" ind2=" ">
    <subfield code="a">rus</subfield>
  </datafield>
  <datafield tag="102" ind1=" " ind2=" ">
    <subfield code="a">RU</subfield>
  </datafield>
  <datafield tag="105" ind1=" " ind2=" ">
    <subfield code="a">a   |||||||||</subfield>
  </datafield>
  <datafield tag="200" ind1="1" ind2=" ">
    <subfield code="a">&#x41A;&#x43E;&#x43C;&#x43F;&#x43B;&#x435;&#x43A;&#x441;&#x43D;&#x43E;&#x435; &#x43E;&#x441;&#x432;&#x43E;&#x435;&#x43D;&#x438;&#x435; &#x43C;&#x435;&#x441;&#x442;&#x43E;&#x440;&#x43E;&#x436;&#x434;&#x435;&#x43D;&#x438;&#x439; &#x438; &#x433;&#x43B;&#x443;&#x431;&#x43E;&#x43A;&#x430;&#x44F; &#x43F;&#x435;&#x440;&#x435;&#x440;&#x430;&#x431;&#x43E;&#x442;&#x43A;&#x430; &#x43C;&#x438;&#x43D;&#x435;&#x440;&#x430;&#x43B;&#x44C;&#x43D;&#x43E;&#x433;&#x43E; &#x441;&#x44B;&#x440;&#x44C;&#x44F;</subfield>
    <subfield code="f">&#x41A;.&#x41D;. &#x422;&#x440;&#x443;&#x431;&#x435;&#x446;&#x43A;&#x43E;&#x439;, &#x412;.&#x410;. &#x427;&#x430;&#x43D;&#x442;&#x443;&#x440;&#x438;&#x44F;, &#x414;.&#x420;. &#x41A;&#x430;&#x43F;&#x43B;&#x443;&#x43D;&#x43E;&#x432;, &#x41C;.&#x412;. &#x420;&#x44B;&#x43B;&#x44C;&#x43D;&#x438;&#x43A;&#x43E;&#x432;&#x430;</subfield>
    <subfield code="g">&#x420;&#x43E;&#x441;. &#x430;&#x43A;&#x430;&#x434;. &#x43D;&#x430;&#x443;&#x43A;, &#x418;&#x43D;-&#x442; &#x43F;&#x440;&#x43E;&#x431;&#x43B;&#x435;&#x43C; &#x43A;&#x43E;&#x43C;&#x43F;&#x43B;&#x435;&#x43A;&#x441;. &#x43E;&#x441;&#x432;&#x43E;&#x435;&#x43D;&#x438;&#x44F; &#x43D;&#x435;&#x434;&#x440;</subfield>
  </datafield>
  <datafield tag="210" ind1=" " ind2=" ">
    <subfield code="a">&#x41C;&#x43E;&#x441;&#x43A;&#x432;&#x430;</subfield>
    <subfield code="c">&#x41D;&#x430;&#x443;&#x43A;&#x430;</subfield>
    <subfield code="d">2010</subfield>
  </datafield>
  <datafield tag="215" ind1=" " ind2=" ">
    <subfield code="a">436, [1] &#x441;.</subfield>
    <subfield code="c">&#x438;&#x43B;.</subfield>
    <subfield code="d">24</subfield>
  </datafield>
  <datafield tag="313" ind1=" " ind2=" ">
    <subfield code="a">&#x413;&#x43B;&#x443;&#x431;&#x43E;&#x43A;&#x430;&#x44F; &#x43F;&#x435;&#x440;&#x435;&#x440;&#x430;&#x431;&#x43E;&#x442;&#x43A;&#x430; &#x43C;&#x438;&#x43D;&#x435;&#x440;&#x430;&#x43B;&#x44C;&#x43D;&#x43E;&#x433;&#x43E; &#x441;&#x44B;&#x440;&#x44C;&#x44F; &#x437;&#x430;&#x43A;&#x43B;&#x44E;&#x447;&#x430;&#x435;&#x442;&#x441;&#x44F; &#x432; &#x43E;&#x431;&#x43E;&#x433;&#x430;&#x449;&#x435;&#x43D;&#x438;&#x438; &#x435;&#x433;&#x43E;</subfield>
  </datafield>
  <datafield tag="320" ind1=" " ind2=" ">
    <subfield code="a">&#x411;&#x438;&#x431;&#x43B;&#x438;&#x43E;&#x433;&#x440;.: &#x441;. 424-434 (187 &#x43D;&#x430;&#x437;&#x432;.)</subfield>
  </datafield>
  <datafield tag="606" ind1="1" ind2=" ">
    <subfield code="a">&#x422;&#x432;&#x435;&#x440;&#x434;&#x44B;&#x435; &#x43F;&#x43E;&#x43B;&#x435;&#x437;&#x43D;&#x44B;&#x435; &#x438;&#x441;&#x43A;&#x43E;&#x43F;&#x430;&#x435;&#x43C;&#x44B;&#x435;</subfield>
    <subfield code="x">&#x41C;&#x435;&#x441;&#x442;&#x43E;&#x440;&#x43E;&#x436;&#x434;&#x435;&#x43D;&#x438;&#x44F;</subfield>
    <subfield code="x">&#x41E;&#x441;&#x432;&#x43E;&#x435;&#x43D;&#x438;&#x435; &#x43A;&#x43E;&#x43C;&#x43F;&#x43B;&#x435;&#x43A;&#x441;&#x43D;&#x43E;&#x435;</subfield>
    <subfield code="9">2624359</subfield>
    <subfield code="3">RU\NLR\auth\661560919</subfield>
  </datafield>
  <datafield tag="606" ind1="1" ind2=" ">
    <subfield code="a">&#x41C;&#x438;&#x43D;&#x435;&#x440;&#x430;&#x43B;&#x44C;&#x43D;&#x43E;&#x435; &#x441;&#x44B;&#x440;&#x44C;&#x435;</subfield>
    <subfield code="x">&#x414;&#x43E;&#x431;&#x44B;&#x447;&#x430;</subfield>
    <subfield code="9">2231807</subfield>
    <subfield code="3">RU\NLR\auth\661339535</subfield>
  </datafield>
  <datafield tag="606" ind1=" " ind2=" ">
    <subfield code="a">&#x41E;&#x431;&#x43E;&#x433;&#x430;&#x449;&#x435;&#x43D;&#x438;&#x435; (&#x433;&#x43E;&#x440;&#x43D;.)</subfield>
    <subfield code="3">RU\NLR\auth\6627815</subfield>
    <subfield code="9">937805</subfield>
  </datafield>
  <datafield tag="686" ind1=" " ind2=" ">
    <subfield code="a">&#x414;450.8</subfield>
  </datafield>
  <datafield tag="686" ind1=" " ind2=" ">
    <subfield code="a">&#x418;346</subfield>
  </datafield>
  <datafield tag="686" ind1=" " ind2=" ">
    <subfield code="a">&#x418;41</subfield>
  </datafield>
  <datafield tag="701" ind1=" " ind2="1">
    <subfield code="a">&#x422;&#x440;&#x443;&#x431;&#x435;&#x446;&#x43A;&#x43E;&#x439;</subfield>
    <subfield code="b">&#x41A;. &#x41D;.</subfield>
    <subfield code="g">&#x41A;&#x43B;&#x438;&#x43C;&#x435;&#x43D;&#x442; &#x41D;&#x438;&#x43A;&#x43E;&#x43B;&#x430;&#x435;&#x432;&#x438;&#x447;</subfield>
    <subfield code="4">070</subfield>
  </datafield>
  <datafield tag="701" ind1=" " ind2="1">
    <subfield code="4">070</subfield>
    <subfield code="8">rus</subfield>
    <subfield code="7">ca</subfield>
    <subfield code="a">&#x427;&#x430;&#x43D;&#x442;&#x443;&#x440;&#x438;&#x44F;</subfield>
    <subfield code="b">&#x412;. &#x410;.</subfield>
    <subfield code="f">1938-</subfield>
    <subfield code="g">&#x412;&#x430;&#x43B;&#x435;&#x43D;&#x442;&#x438;&#x43D; &#x410;&#x43B;&#x435;&#x43A;&#x441;&#x435;&#x435;&#x432;&#x438;&#x447;</subfield>
    <subfield code="3">RU\NLR\AUTH\7744490</subfield>
    <subfield code="9">27430</subfield>
  </datafield>
  <datafield tag="701" ind1=" " ind2="1">
    <subfield code="a">&#x41A;&#x430;&#x43F;&#x43B;&#x443;&#x43D;&#x43E;&#x432;</subfield>
    <subfield code="b">&#x414;. &#x420;.</subfield>
    <subfield code="g">&#x414;&#x430;&#x432;&#x438;&#x434; &#x420;&#x43E;&#x434;&#x438;&#x43E;&#x43D;&#x43E;&#x432;&#x438;&#x447;</subfield>
    <subfield code="4">070</subfield>
  </datafield>
  <datafield tag="701" ind1=" " ind2="1">
    <subfield code="a">&#x420;&#x44B;&#x43B;&#x44C;&#x43D;&#x438;&#x43A;&#x43E;&#x432;&#x430;</subfield>
    <subfield code="b">&#x41C;. &#x412;.</subfield>
    <subfield code="g">&#x41C;&#x430;&#x440;&#x438;&#x43D;&#x430; &#x412;&#x43B;&#x430;&#x434;&#x438;&#x43C;&#x438;&#x440;&#x43E;&#x432;&#x43D;&#x430;</subfield>
    <subfield code="4">070</subfield>
  </datafield>
  <datafield tag="801" ind1=" " ind2="0">
    <subfield code="a">RU</subfield>
    <subfield code="b">NLR</subfield>
    <subfield code="c">20101203</subfield>
    <subfield code="g">RCR</subfield>
  </datafield>
  <datafield tag="801" ind1=" " ind2="1">
    <subfield code="a">RU</subfield>
    <subfield code="b">NLR</subfield>
    <subfield code="c">20101203</subfield>
  </datafield>
  <datafield tag="942" ind1=" " ind2=" ">
    <subfield code="c">BOOK</subfield>
  </datafield>
  <datafield tag="980" ind1=" " ind2=" ">
    <subfield code="a">NB</subfield>
  </datafield>
  <datafield tag="995" ind1=" " ind2=" ">
    <subfield code="5">2010-12-03</subfield>
    <subfield code="a">ad</subfield>
    <subfield code="b">NLR01</subfield>
    <subfield code="c">NLR01</subfield>
    <subfield code="e">RF8</subfield>
    <subfield code="f">3308571</subfield>
    <subfield code="k">2010-7/6518</subfield>
    <subfield code="o">0</subfield>
    <subfield code="r">BOOK</subfield>
    <subfield code="s">201076518_</subfield>
  </datafield>
  <datafield tag="995" ind1=" " ind2=" ">
    <subfield code="5">2010-12-03</subfield>
    <subfield code="a">ad</subfield>
    <subfield code="b">NLR01</subfield>
    <subfield code="c">NLR01</subfield>
    <subfield code="e">RF8</subfield>
    <subfield code="f">3308572</subfield>
    <subfield code="k">2010-7/6518</subfield>
    <subfield code="o">0</subfield>
    <subfield code="r">BOOK</subfield>
    <subfield code="s">201076518_</subfield>
  </datafield>
</record>
